00419nam a2200157Ia 4500008004100000020001500041041001200056082001600068100001800084245006300102250000800165260004800173300000800221650001500229700001700244221030s9999 xx 000 0 und d a8175542829 aEnglish a105.23bJoy aJ. J. Mathews 0aHuman Resource Developmentcby J. J. Mathews, D. Megginson a3rd bKogan Page India Pvt. Ltd,aNew Delhic2004 a309 aManagement aD. Megginson